Statistics for Geography XYZs

Click here to take the quiz!

General Stats

  • This quiz has been taken 32 times
  • The average score is 8 of 18

Answer Stats

CategoryAnswer% Correct
CountriesZambia
100%
CountriesZimbabwe
100%
CountriesYemen
97%
U.S. National ParksYellowstone
94%
Official Langauges of South AfricaZulu
90%
Chinese Provincial CapitalsXi'an
77%
U.S. National ParksYosemite
77%
Official Langauges of South AfricaXhosa
48%
U.S. National ParksZion
42%
Mexican States and CapitalsYucatán
35%
Chinese Provincial CapitalsZhengzhou
23%
Chinese Provinces and RegionsXinjiang
16%
Mexican States and CapitalsZacatecas
10%
Chinese Provinces and RegionsYunnan
6%
Mexican States and CapitalsXalapa
3%
Chinese Provincial CapitalsXining
0%
Chinese Provincial CapitalsYinchuan
0%
Chinese Provinces and RegionsZhejiang
0%

Score Distribution

Percentile by Number Answered

Percent of People with Each Score

Your Score History

You have not taken this quiz